000 00434nab a2200145Ia 4500
003 ES-SlBCS
005 20210601125642.0
008 140529s1995 xxu||||| |||| 00| 0 eng d
041 _aeng
100 1 _aZimmerman, Michael E.
_950143
245 0 4 _aThe threat of Ecofascism
_c Michael E. Zimmerman
650 0 4 _aEcofascismo
_9161974
773 0 _tSocial Theory and Practice
_gvol. 21, nº. 2, 1995, págs. 207-238
_wRev846
942 _cAR
999 _c533841
_d533841